00939cam a2200301 a 45000010005000000030006000050050017000110080041000280100017000690200030000860200027001160200025001430200022001680400023001900420008002130500023002210820015002441000027002592450055002862600035003413000047003764900016004235050007004395200116004465210018005625210018005806500039005982916FISKH20240712135859.0110726s2012 nyuab j b 001 0 eng  a 2011031074 a9780531246795 (lib. bdg.) a0531246795 (lib. bdg.) a9780531282731 (pbk.) a0531282732 (pbk.) aDLCcDLCdDLCbeng apcc00aGC21.5b.G737 201200a551.462231 aGray, Susan Heinrichs.10aOceanography the study of oceans /cSusan H. Gray. aNew York: bScholastic, c2012 a48 pages :bcolor illustrations ; c22 cm.0 aA true book aR  aDiscover how the ocean changes as it goes deeper, how deep sea animals survive in harsh environments, and more.8 a720 bLexile 8 aR bRaz-Plus  0aOceanographyvJuvenile literature.